header

Zen Cart (Record no. 247618)

MARC details
000 -LEADER
fixed length control field 01240nam a2200325Ia 4500
082 04 - DEWEY DECIMAL CLASSIFICATION NUMBER
Classification number 658.8/72
100 1# - MAIN ENTRY--AUTHOR NAME
Personal name Sarkar, Suhreed.
245 10 - TITLE STATEMENT
Title Zen Cart
260 ## - PUBLICATION, DISTRIBUTION, ETC. (IMPRINT)
Place of publication Birmingham, U.K. :
Name of publisher Packt Publishing Ltd.,
Year of publication c2008.
300 ## - PHYSICAL DESCRIPTION
Number of Pages 307 p. :
Other physical details ill.
500 ## - GENERAL NOTE
General note Includes index.
650 #0 - SUBJECT ADDED ENTRY--TOPICAL TERM
Topical Term Electronic commerce.
Topical Term Business enterprises
Topical Term Internet marketing.
700 1# - ADDED ENTRY--PERSONAL NAME
Personal name Rohadiya, Kanudan.
856 40 - ELECTRONIC LOCATION AND ACCESS
Uniform Resource Identifier http://site.ebrary.com/lib/rucke/Doc?id=10448373

No items available.

© 2026 Rongo University
Contact us: librarian | system librarian | Rongo university